/ اقبال کے آخری دو سال (Record no. 109189)

MARC details
000 -LEADER
fixed length control field 00814nam a22002537a 4500
005 - DATE AND TIME OF LATEST TRANSACTION
control field 20170123162350.0
010 ## - LIBRARY OF CONGRESS CONTROL NUMBER
LC control number 954564
020 ## - INTERNATIONAL STANDARD BOOK NUMBER
Terms of availability 45.00
035 ## - SYSTEM CONTROL NUMBER
System control number 954564
037 ## - SOURCE OF ACQUISITION
Source of stock number/acquisition Cen Lib/Ret
040 ## - CATALOGING SOURCE
Original cataloging agency DPL
Language of cataloging UR
082 ## - DEWEY DECIMAL CLASSIFICATION NUMBER
Classification number 954.081
Item number ع ا ش
100 ## - MAIN ENTRY--PERSONAL NAME
Personal name عاشق حسین بٹالوی
9 (RLIN) 107871
245 ## - TITLE STATEMENT
Title / اقبال کے آخری دو سال
Statement of responsibility, etc عاشق حسین بٹالوی
246 ## - VARYING FORM OF TITLE
Title proper/short title Iqbal ke aakhri do sal /
Remainder of title by Aashiq Haseen Batawli
260 ## - PUBLICATION, DISTRIBUTION, ETC. (IMPRINT)
Place of publication, distribution, etc کشمیر
Name of publisher, distributor, etc شاہین پبلشرز
Date of publication, distribution, etc 1978
270 ## - ADDRESS
Address سرینگر
City کشمیر
300 ## - PHYSICAL DESCRIPTION
Extent 778p.
Dimensions 18cm(Hb)
650 ## - SUBJECT ADDED ENTRY--TOPICAL TERM
Topical term or geographic name as entry element اردو ادب
9 (RLIN) 135991
650 ## - SUBJECT ADDED ENTRY--TOPICAL TERM
Topical term or geographic name as entry element اردو اقبال
9 (RLIN) 135992
650 ## - SUBJECT ADDED ENTRY--TOPICAL TERM
Topical term or geographic name as entry element Urdu literature
9 (RLIN) 135993
650 ## - SUBJECT ADDED ENTRY--TOPICAL TERM
Topical term or geographic name as entry element Urdu Biography
9 (RLIN) 511
942 ## - ADDED ENTRY ELEMENTS (KOHA)
Source of classification or shelving scheme Dewey Decimal Classification
Koha item type Urdu Bks
Classification part 954.081
Call number suffix ع ا ش
Holdings
Withdrawn status Lost status Damaged status Not for loan Home library Current library Date acquired Source of acquisition Cost, normal purchase price Total Checkouts Full call number Barcode Date last seen Copy number Cost, replacement price Price effective from Koha item type
        Central Library Central Library 24/02/2016 Cen Lib/Ref 45.00   954.081 ع ا ش 954564 24/02/2016 1 45.00 24/02/2016 Urdu Bks

© Delhi Public Library
Hit Counter
free hit counter